| 000 | 00367 a2200109 4500 | ||
|---|---|---|---|
| 001 | ART_29405 | ||
| 005 | 20260410161951.0 | ||
| 008 | 260409a | ||
| 245 | 1 | 0 | _aEl mutuo, características y cancelación de deudas en moneda extranjera |
| 100 | 1 | _aFarinati, Eduardo N. | |
| 773 | 0 |
_tTemas de derecho comercial _g- Año 1, Nº 5 (mayo 2015) _wREV28151 |
|
| 999 |
_c30408 _d30408 |
||